01505cam a22003974i 4500003000900000005001700009008004100026020001500067035002700082040003300109049000900142082002100151100003600172245003500208264007100243300003800314336002100352337002500373338002300398505005100421526000900472526000900481526000800490526000800498526000800506526000800514650003200522910001800554942001400572949012800586994001400714596000600728999015700734980005500891952016100946PE-LiUPU20250731175645.0150616s r 000 0 d a0802806651 a(Sirsi) i9780802806659 aPE-LiUPUbspacPE-LiUPUerda aPRUA04a487.415bC822211 aCountryman, L. William,eautor.14aThe New Testament Is in Greek. 1aGrand Rapids, Michigan :bW.B. Eerdmans Publishing Company,c1993. a205 páginas ;c22 centímetros atext2rdacontent aunmediated2rdamedia avolume2rdacarrier0 aGramática griega bíblica Griego bíblico. aP145 aP127 aP97 aP35 aP14 aP0704aGRIEGO BIBLICO - GRAMATICA. ajckbjvqcjck 2ddccBOOK a487.415 C82wDEWEYc1i40460lCCODEBUL1mBULr0sYtBOOKu2015-6-16xTEOLOGIAzUNKNOWN0COMPRAo.STAFF. Colección General aC0bPEPRU a1 a487.415 C82wDEWEYc58253i40460d58253f2021-11-12g5lCCODEBUL1mBULq1r0sYtBOOKu2015-6-16xTEOLOGIAzUNKNOWN0COMPRAo.STAFF. Colección General 81gALBERTO SANCHEZ Responsable de Automatización r2025-12-02 00:00:00i6l0o487.415 C82p40460te1w2015-06-16xFACIHEDyBKzinventario-2023-12-13102ddc50708GENfP14aBULbBULcGENd2015-06-16eCOMPRA